Statistiques concernant Les clubs ayant éliminé l'OL en coupe d'Europe

Cliquez ici pour prendre le quiz!

Statistiques générales

  • Ce quiz a été pris 124 fois
  • Le résultat moyen est 10 sur 18

Statistiques - réponses

HintRéponse% Correct
2019-20201/2LDCBayern Munich
91%
2009-20101/2LDCBayern Munich
91%
2008-20091/8LDCFC Barcelone
85%
2018-20191/8LDCFC Barcelone
85%
2010-20111/8LDCReal Madrid
85%
2007-20081/8LDCManchester United
76%
2013-20141/4Ligue EuropaJuventus
71%
2005-20061/4LDCAC Milan
65%
2016-20171/2Ligue EuropaAjax Amsterdam
64%
2003-20041/4LDCFC Porto
53%
2021-20221/4Ligue EuropaWest Ham United
48%
2004-20051/4LDCPSV Eindhoven
43%
2017-20181/8Ligue EuropaCSKA Moscou
39%
2011-20121/8LDCAPOEL Nicosie
37%
2006-20071/8LDCAS Rome
36%
2014-2015BarragesLigue EuropaAstra Giurgiu
13%
2012-20131/16Ligue EuropaTottenham Hotspur
13%
2002-20031/16Coupe UEFADenizlispor
2%

Distribution des résultats

Percentile par nombre de réponses

% des personnes avec chaque résultat

Votre développement - résultats

Vous n’avez pas pris ce quiz